000 00873cam a2200265 a 4500
001 12626832
003 OSt
005 20210222104610.0
008 011221s2001 ck b 001 0 spa
020 _a9586353982
040 _aDLC
_cCO-JMCR
_dDLC
041 0 _aspa
082 0 4 _a347.05 /
_bM753d
_223
100 1 _aMonroy Cabra, Marco Gerardo,
_eautor
_97938
245 1 0 _aDerecho procesal civil :
_bparte general /
_cMarco Gerardo Monroy Cabra
250 _aQuinta edición
260 _aBogotá :
_bEdiciones Librería del Profesional,
_c2001
300 _axxxiii, 612 páginas ;
_c24 cm.
504 _aBibliografía: páginas 605-612
505 0 _aNociones básicas -- Sujetos de la relación jurídico-procesal
650 1 4 _aProceso civil
_zColombia.
_913746
650 2 4 _aDisciplinas jurídicas
_913747
650 2 4 _aDerecho procesal
_98829
942 _2ddc
_cBK
999 _c7270
_d7270